00847nam a2200193 a 4500001001000000003000400010005001700014008004100031040002500072082001500097100003700112245008400149260004500233300002700278534014000305942001400445952017700459999001700636000033543OSt20260321073642.0110831s1984 nyu 000 0 spa d aDO-SdBNPbspacBNPHU axxxbB742u1 a Bosch, Juan, d1909-200197655510aThe unfinished experiment :bdemocracy in the Dominican Republic /cJuan Bosch. aNew York :bFrederick A. Praeger,c1984. axiii, 239 p. ;c22 cm. pTítulo original :tCrisis de la democracia de América en la República Dominicana :cCentro de Estudios y Documentación Sociales 2ddccLBS1 001050718MOaPDbPDcCTd2011-08-31iLF1l0oxxx B742up33543-10r2020-06-25w2020-06-25y1zPerteneció a la biblioteca personal de Germán Emilio OrnesZNo se presta c33034d33034